Mediácia v medzinárodných sporoch

Mediácia ako mimosúdny spôsob riešenia sporov. Charakteristika mediátora. Cezhraničné spory a legislatíva.

Salvato in:
Dettagli Bibliografici
Autore principale: Surma, Liudmila
Natura: Capitolo di libro
Lingua:slovacco
Soggetti:
Tags: Aggiungi Tag
Nessun Tag, puoi essere il primo ad aggiungerne!!

MARC

LEADER 00000nla a2200000 4500
001 0236390
005 20240502073826.7
041 0 |a slo 
044 |a SK 
245 1 0 |a Mediácia v medzinárodných sporoch  |c Liudmila Surma 
520 |a Mediácia ako mimosúdny spôsob riešenia sporov. Charakteristika mediátora. Cezhraničné spory a legislatíva. 
610 2 0 |a mediácia 
610 2 0 |a mediátori 
610 2 0 |a konflikty 
610 2 0 |a spolupráca medzinárodná 
610 2 0 |a legislatíva 
100 1 |a Surma, Liudmila